[Event "41st Olympiad Women 2014"]
[Site "Tromso NOR"]
[Date "2014.08.14"]
[Round "11.19"]
[Board "4"]
[White "Topel, Zehra"]
[Black "Kakhramonova, Mokhinur"]
[Result "1-0"]
[WhiteTitle "WIM"]
[WhiteElo "2156"]
[BlackElo "2044"]
[WhiteTeam "Turkey"]
[BlackTeam "Uzbekistan"]
[WhiteFideId "6302661"]
[BlackFideId "14201771"]
[EventDate "2014.08.02"]

1. Nf3 f5 2. g3 Nf6 3. Bg2 g6 4. d4 Bg7 5. b4 c6 6. c4 Ne4 7. Bb2 a5 8. b5 a4 9.
O-O Qa5 10. Na3 d6 11. Qc2 O-O 12. Rfc1 Bd7 13. d5 c5 14. Bxg7 Kxg7 15. Ne1 Nf6
16. Qd3 Qd8 17. f4 Bc8 18. Nb1 Nbd7 19. Nc3 Nb6 20. Rd1 Qc7 21. Nf3 h6 22. Nh4
Bd7 23. e4 fxe4 24. Nxe4 Be8 25. Re1 Bf7 26. Re2 Rae8 27. Rae1 Qd7 28. Nf2 Qc7
29. Bh3 Rg8 30. Be6 Nbd7 31. g4 Nf8 32. g5 hxg5 33. fxg5 N6d7 34. Bxf7 Kxf7 35.
Qf3+ Kg7 36. Rxe7+ Rxe7 37. Rxe7+ Kh8 38. Qc3+ 1-0

[Event "41st Olympiad Women 2014"]
[Site "Tromso NOR"]
[Date "2014.08.14"]
[Round "11.20"]
[Board "1"]
[White "Dimitrijevic, Aleksandra"]
[Black "Seps, Monika"]
[Result "0-1"]
[WhiteTitle "WFM"]
[BlackTitle "WIM"]
[WhiteElo "2293"]
[BlackElo "2236"]
[WhiteTeam "Bosnia & Herzegovina"]
[BlackTeam "Switzerland"]
[WhiteFideId "929239"]
[BlackFideId "1308521"]
[EventDate "2014.08.02"]

1. e4 c5 2. Nc3 d6 3. Nge2 Nc6 4. g3 g6 5. Bg2 Bg7 6. d3 e6 7. O-O Nge7 8. f4
O-O 9. g4 f5 10. Ng3 Nd4 11. gxf5 exf5 12. Be3 Rb8 13. Nd5 Be6 14. c3 Ndc6 15.
d4 cxd4 16. Nxe7+ Qxe7 17. cxd4 Bd5 18. Qd3 fxe4 19. Nxe4 Nb4 20. Qb5 Bxe4 21.
Qxb4 Bxg2 22. Qb3+ Kh8 23. Kxg2 Qe4+ 24. Kg3 Rbe8 25. Rf3 g5 26. Raf1 gxf4+ 27.
Bxf4 Bxd4 28. h4 Rg8+ 29. Kh3 Qe2 30. Bg3 Rxg3+ 0-1

[Event "41st Olympiad Women 2014"]
[Site "Tromso NOR"]
[Date "2014.08.14"]
[Round "11.20"]
[Board "2"]
[White "Hund, Barbara"]
[Black "Boric, Elena"]
[Result "1/2-1/2"]
[WhiteTitle "WGM"]
[BlackTitle "WIM"]
[WhiteElo "2153"]
[BlackElo "2196"]
[WhiteTeam "Switzerland"]
[BlackTeam "Bosnia & Herzegovina"]
[WhiteFideId "1301446"]
[BlackFideId "14400839"]
[EventDate "2014.08.02"]

1. e4 Nf6 2. e5 Nd5 3. d4 d6 4. c4 Nb6 5. exd6 cxd6 6. Nc3 g6 7. Be3 Bg7 8. Rc1
O-O 9. b3 Nc6 10. d5 Ne5 11. Be2 f5 12. Qd2 Nbd7 13. Nf3 Nxf3+ 14. Bxf3 Ne5 15.
Be2 Bd7 16. O-O a6 17. a4 Qe8 18. h3 Rc8 19. Rfe1 Kh8 20. Bf1 Rg8 21. Kh1 Qf8
22. f4 Nf7 23. Bd4 g5 24. Rc2 Re8 25. fxg5 Nxg5 26. Qf4 Bxd4 27. Qxd4+ Qg7 28.
Qxg7+ Kxg7 29. Rf2 Rgf8 30. Bd3 Rf6 31. Rfe2 Kf8 32. Rf2 Kg7 33. Ne2 e5 34. Ng3
Kg6 35. h4 Nf7 36. Nxf5 Bxf5 37. Rxf5 Rxf5 38. g4 Nh6 39. gxf5+ Kf6 40. Be4 Rg8
41. Kh2 Ng4+ 42. Kg3 h5 43. Kf3 Nh6 44. Rf1 Rg4 45. Ke3 Rxh4 46. c5 dxc5 47. d6
Rh3+ 48. Ke2 Rxb3 49. Rg1 Rb2+ 50. Kf3 Rb3+ 51. Ke2 Rb2+ 52. Kf3 Rb3+ 1/2-1/2

[Event "41st Olympiad Women 2014"]
[Site "Tromso NOR"]
[Date "2014.08.14"]
[Round "11.20"]
[Board "3"]
[White "Dengler, Dijana"]
[Black "De Seroux, Camille"]
[Result "0-1"]
[WhiteTitle "WFM"]
[BlackTitle "WFM"]
[WhiteElo "2070"]
[BlackElo "2129"]
[WhiteTeam "Bosnia & Herzegovina"]
[BlackTeam "Switzerland"]
[WhiteFideId "14400081"]
[BlackFideId "1305620"]
[EventDate "2014.08.02"]

1. d4 Nf6 2. Nf3 g6 3. c4 Bg7 4. Nc3 d6 5. Bg5 h6 6. Bf4 g5 7. Bg3 Nh5 8. e4 c5
9. d5 Qa5 10. Qd2 Nd7 11. Rc1 Nb6 12. b3 a6 13. Be2 Bg4 14. Ng1 Nxg3 15. hxg3
Bc8 16. f4 Nd7 17. Bd3 gxf4 18. gxf4 Nf6 19. Nce2 Qxd2+ 20. Kxd2 Bd7 21. Nf3 b5
22. Nc3 b4 23. Nd1 a5 24. Ne3 Ng4 25. Rh4 Nxe3 26. Kxe3 a4 27. g4 axb3 28. axb3
Ra3 29. Rb1 Bf6 30. g5 hxg5 31. Rxh8+ Bxh8 32. Nxg5 Bd4+ 33. Kd2 Bg4 34. Bc2
Bc3+ 35. Kd3 Bf6 36. Rg1 Bh5 37. Nh3 Ra2 38. Rc1 Bd4 39. Ng5 Bg6 40. f5 Bh5 41.
Nh3 Be5 42. Ng1 Bg4 43. Re1 Bc3 44. Rc1 Kd7 45. Rf1 Kc7 46. Rc1 Ra8 47. Ne2 Rh8
48. Nf4 Rh2 49. Rg1 Bf3 50. Rg8 Be5 51. Ke3 Rxc2 52. Kxf3 Rc3+ 53. Kg4 Rxb3 54.
Re8 Kd7 55. Rb8 Re3 56. Nh5 Rxe4+ 57. Kg5 0-1

[Event "41st Olympiad Women 2014"]
[Site "Tromso NOR"]
[Date "2014.08.14"]
[Round "11.20"]
[Board "4"]
[White "Stoeri, Laura"]
[Black "Jacimovic, Sara"]
[Result "1-0"]
[WhiteTitle "WFM"]
[WhiteElo "2123"]
[BlackElo "2032"]
[WhiteTeam "Switzerland"]
[BlackTeam "Bosnia & Herzegovina"]
[WhiteFideId "1304313"]
[BlackFideId "14403668"]
[EventDate "2014.08.02"]

1. e4 c5 2. d3 d6 3. f4 Nc6 4. Nf3 e6 5. Be2 Nf6 6. O-O d5 7. e5 Nd7 8. Qe1 g6
9. Nc3 a6 10. Qg3 Qc7 11. Bd2 Nd4 12. Bd1 Nf5 13. Qe1 h5 14. Ng5 Be7 15. a4 Qc6
16. a5 b5 17. axb6 Qxb6 18. Na4 Qa7 19. c4 Bxg5 20. fxg5 Bb7 21. Nc3 Qb6 22. Ba4
O-O-O 23. Rb1 dxc4 24. dxc4 Qc7 25. Bf4 Nb6 26. Bc2 Rd4 27. b3 Qc6 28. Qe2 Nh4
29. Bg3 Nf5 30. Bxf5 gxf5 31. h4 Rg4 32. Rf3 Rd8 33. Kh2 Rdd4 34. Rbf1 Qd7 35.
R3f2 Bc6 36. Rd1 Kb7 37. Rf4 Rxd1 38. Qxd1 Rxf4 39. Bxf4 Qd4 40. Qxd4 cxd4 41.
Ne2 d3 42. Ng3 Nd7 43. Nxh5 Nxe5 44. Bd2 Ng6 45. Kh3 e5 46. g3 Kc7 47. Nf6 Kd6
48. h5 Nh8 49. Kh2 Bf3 50. b4 Bd1 51. Kg2 Bb3 52. c5+ Kc6 53. Kf2 Bc4 54. Bc3 e4
55. Ke3 Ng6 56. hxg6 fxg6 57. Kd4 Bf7 58. Bd2 Bb3 59. g4 Bf7 60. gxf5 gxf5 61.
Bc3 Bb3 62. g6 Ba2 63. g7 a5 64. bxa5 e3 65. Kxe3 Kxc5 66. Kxd3 1-0

[Event "41st Olympiad Women 2014"]
[Site "Tromso NOR"]
[Date "2014.08.14"]
[Round "11.21"]
[Board "1"]
[White "Nguyen, Thu Giang"]
[Black "Tan, Li Ting"]
[Result "1-0"]
[WhiteTitle "WFM"]
[BlackTitle "WCM"]
[WhiteElo "2165"]
[BlackElo "1945"]
[WhiteTeam "Australia"]
[BlackTeam "Malaysia"]
[WhiteFideId "12400980"]
[BlackFideId "5704820"]
[EventDate "2014.08.02"]

1. e4 e5 2. Bc4 Nf6 3. d3 Bc5 4. Nc3 O-O 5. Bg5 c6 6. Nf3 d6 7. Bb3 b5 8. O-O
Nbd7 9. d4 Bb4 10. Qd3 h6 11. Bh4 Qc7 12. Rfd1 Bb7 13. a3 Ba5 14. Ba2 a6 15. b4
Bb6 16. dxe5 dxe5 17. Qd6 Qxd6 18. Rxd6 Bc7 19. Rd2 g5 20. Bg3 Rfe8 21. Rad1 Re7
22. Kf1 Kf8 23. Ne1 Ke8 24. f3 Nh5 25. Bf2 Rd8 26. g3 Ng7 27. Nd3 Ne6 28. Bxe6
Rxe6 29. Ke2 Bc8 30. Be3 Nb6 31. Nb2 Rxd2+ 32. Rxd2 Re7 33. h4 f6 34. Rd1 Kf7
35. Rh1 Kg7 36. Ncd1 Be6 37. Bc5 Rd7 38. Ne3 Rd8 39. a4 Ra8 40. Ra1 Nd7 41. Nd3
Nb6 42. Nb2 Nd7 43. Nd3 Nb6 44. axb5 cxb5 45. Nb2 Kg6 46. Rd1 Rd8 47. Rg1 Nd7
48. Nd3 Kf7 49. hxg5 hxg5 50. Rh1 Kg7 51. g4 Rc8 52. Ra1 Ra8 53. Nf5+ Kf7 54.
Rh1 Bxf5 55. exf5 Kg7 56. Ra1 Nb6 57. Nf2 Nc4 58. Ne4 Kf7 59. Rh1 Kg7 60. Rd1
Rd8 61. Ra1 Ra8 62. Rd1 Rd8 63. Be7 Rxd1 64. Bxf6+ Kf7 65. Kxd1 Ne3+ 66. Kd2 Nd5
67. Bxg5 Nxb4 68. Be3 Nd5 69. Bc5 Nf4 70. g5 Nd5 71. c3 Nf4 72. Nd6+ Bxd6 73.
Bxd6 Nh3 74. g6+ Kf6 75. Bxe5+ Ke7 76. f6+ 1-0

[Event "41st Olympiad Women 2014"]
[Site "Tromso NOR"]
[Date "2014.08.14"]
[Round "11.21"]
[Board "2"]
[White "Azman Hisham, Nur Nabila"]
[Black "Guo, Emma"]
[Result "0-1"]
[WhiteTitle "WCM"]
[BlackTitle "WIM"]
[WhiteElo "1916"]
[BlackElo "2044"]
[WhiteTeam "Malaysia"]
[BlackTeam "Australia"]
[WhiteFideId "5702135"]
[BlackFideId "3200795"]
[EventDate "2014.08.02"]

1. d4 Nf6 2. c4 g6 3. Nc3 d5 4. cxd5 Nxd5 5. e4 Nxc3 6. bxc3 Bg7 7. Nf3 c5 8.
Be3 Nc6 9. Bc4 O-O 10. O-O Bg4 11. Bd5 Rc8 12. Rb1 Qc7 13. Qa4 Rfd8 14. Ng5 Rf8
15. h3 Bd7 16. dxc5 e6 17. Bxc6 Bxc6 18. Qc2 Rfd8 19. f4 Qa5 20. e5 Bf8 21. Qf2
h6 22. Nf3 Bxf3 23. gxf3 Rd7 24. Rfd1 Rxd1+ 25. Rxd1 Bxc5 26. Bxc5 Rxc5 27. Rd8+
Qxd8 28. Qxc5 Qh4 29. Kg2 Qxf4 30. Qxa7 Qd2+ 31. Kg3 Qxc3 32. Qb8+ Kg7 33. Qd6
Qe1+ 34. Kg2 Qa1 35. a3 Qb2+ 36. Kg3 h5 37. h4 Qe2 38. Qc5 Qe1+ 39. Kh3 g5 40.
Qd4 Qxh4+ 41. Qxh4 gxh4 42. Kxh4 Kg6 43. a4 b6 44. Kg3 Kf5 45. Kh4 Kxe5 46. Kxh5
Kf4 47. Kh6 Kxf3 48. Kg7 e5 49. Kxf7 e4 50. Ke6 e3 51. Kd6 e2 52. Kc6 e1=Q 0-1

[Event "41st Olympiad Women 2014"]
[Site "Tromso NOR"]
[Date "2014.08.14"]
[Round "11.21"]
[Board "3"]
[White "Dekic, Biljana N."]
[Black "Azman Hisham, Nur Najiha"]
[Result "1-0"]
[WhiteTitle "WIM"]
[BlackTitle "WFM"]
[WhiteElo "2048"]
[BlackElo "1886"]
[WhiteTeam "Australia"]
[BlackTeam "Malaysia"]
[WhiteFideId "3200493"]
[BlackFideId "5704685"]
[EventDate "2014.08.02"]

1. e4 c5 2. Nf3 e6 3. d4 cxd4 4. Nxd4 a6 5. Bd3 Nf6 6. c4 Nc6 7. Nxc6 bxc6 8.
O-O Qc7 9. Qe2 d5 10. Nc3 d4 11. Nd1 Bb7 12. f4 Nd7 13. Nf2 a5 14. e5 Rb8 15. b3
c5 16. Bd2 Be7 17. Rae1 g6 18. Bc2 Bc6 19. Ne4 O-O 20. Rf3 a4 21. Ra1 Ra8 22.
Rff1 Ra7 23. Rfb1 axb3 24. axb3 Rfa8 25. Qe1 Ra2 26. Rxa2 Rxa2 27. Bd3 Qa7 28.
Nf2 Qa8 29. Be4 Bxe4 30. Nxe4 Rc2 31. Nf2 Bh4 32. g3 Bd8 33. Ra1 Qb7 34. Qd1 Rb2
35. Ra3 Nb6 36. Nd3 Nxc4 37. bxc4 Rb1 38. Nc1 Qe4 39. Kf2 d3 40. Qf3 Qd4+ 41.
Qe3 Qxc4 42. Ra8 Qd5 43. Qxd3 Qxa8 44. Qxb1 Be7 45. Ne2 Qd5 46. Be3 g5 47. Qb8+
Kg7 48. fxg5 Qh1 49. h4 Qh2+ 50. Ke1 Qh1+ 51. Bg1 c4 52. Qb5 Qe4 53. Bd4 Qd3 54.
Qb2 Qf3 55. Qc3 Qd5 56. Kf2 Qb5 57. Nf4 Bb4 58. Qc2 Qa6 59. Nh5+ Kf8 60. Nf6 Ke7
61. Nxh7 Qc6 62. Ke3 Be1 63. Qb1 Qd5 64. Qxe1 Qc5 1-0

[Event "41st Olympiad Women 2014"]
[Site "Tromso NOR"]
[Date "2014.08.14"]
[Round "11.23"]
[Board "2"]
[White "Exler, Veronika"]
[Black "Aulia, Medina Warda"]
[Result "1/2-1/2"]
[WhiteTitle "WFM"]
[BlackTitle "WGM"]
[WhiteElo "2189"]
[BlackElo "2397"]
[WhiteTeam "Austria"]
[BlackTeam "Indonesia"]
[WhiteFideId "1620550"]
[BlackFideId "7101570"]
[EventDate "2014.08.02"]

1. d4 e6 2. c4 b6 3. Nf3 Nf6 4. g3 Bb4+ 5. Bd2 a5 6. Bg2 Bb7 7. a3 Be7 8. Nc3
O-O 9. O-O d5 10. cxd5 exd5 11. Rc1 Nbd7 12. Bf4 c5 13. Re1 Ne4 14. dxc5 Bxc5
15. Nd4 Qf6 16. Nxe4 dxe4 17. Nb3 Rfd8 18. Nxc5 Nxc5 19. Qc2 Rac8 20. Qc3 Qe6
21. Qe5 Qxe5 22. Bxe5 f6 23. Bf4 Na4 24. Bh3 Rc6 25. Red1 Rxc1 26. Rxc1 Kf8 27.
b3 Nc5 28. b4 Nb3 29. Rb1 a4 30. Bc7 Rd2 31. Bxb6 Ba6 32. Be6 Bxe2 33. Bxb3 axb3
34. Be3 Ra2 35. Bd4 Rxa3 36. b5 Kf7 37. b6 Ba6 38. h4 Kg6 39. Bc5 Ra5 40. Rxb3
Rxc5 41. b7 Bxb7 42. Rxb7 Rc6 43. Kf1 f5 44. Ke2 Kf6 45. Ke3 h6 46. Rb3 g5 47.
hxg5+ hxg5 48. g4 fxg4 49. Kxe4 Re6+ 50. Kd3 Kf5 51. Rb4 Re5 52. Ra4 Rb5 53. Ke3
Rb3+ 54. Ke2 g3 55. fxg3 Rxg3 56. Kf2 Rb3 57. Kg2 Re3 58. Kf2 Rb3 59. Kg2 g4 60.
Ra8 1/2-1/2

[Event "41st Olympiad Women 2014"]
[Site "Tromso NOR"]
[Date "2014.08.14"]
[Round "11.23"]
[Board "3"]
[White "Sihite, Chelsie Monica Ignesias"]
[Black "Newrkla, Katharina"]
[Result "0-1"]
[WhiteTitle "WIM"]
[BlackTitle "WFM"]
[WhiteElo "2206"]
[BlackElo "2135"]
[WhiteTeam "Indonesia"]
[BlackTeam "Austria"]
[WhiteFideId "7101198"]
[BlackFideId "1621629"]
[EventDate "2014.08.02"]

1. e4 c5 2. Nf3 d6 3. d4 cxd4 4. Nxd4 Nf6 5. Nc3 a6 6. Qf3 g6 7. h3 Bg7 8. Be3
O-O 9. g4 Nc6 10. O-O-O Be6 11. Qg2 Nxd4 12. Bxd4 Qa5 13. f4 Bxa2 14. h4 e5 15.
Bf2 exf4 16. g5 Nd7 17. h5 Rfc8 18. Bd4 Bxd4 19. Rxd4 Be6 20. hxg6 fxg6 21. Qh2
Nf8 22. Rxd6 Rxc3 23. Rxe6 Rc6 24. Bc4 Rxc4 25. Rxg6+ hxg6 26. Qh8+ Kf7 27. Qf6+
Ke8 28. Kb1 Rc6 29. Qxf4 Qc5 30. c3 Qd6 31. Qf2 Qd3+ 32. Ka2 Qc4+ 33. Ka1 Qa4+
34. Kb1 Qxe4+ 0-1

[Event "41st Olympiad Women 2014"]
[Site "Tromso NOR"]
[Date "2014.08.14"]
[Round "11.23"]
[Board "4"]
[White "Hapala, Elisabeth"]
[Black "Citra, Dewi Ardhiani Anastasia"]
[Result "1-0"]
[BlackTitle "WFM"]
[WhiteElo "2083"]
[BlackElo "2128"]
[WhiteTeam "Austria"]
[BlackTeam "Indonesia"]
[WhiteFideId "1622080"]
[BlackFideId "7101244"]
[EventDate "2014.08.02"]

1. e4 c5 2. Nf3 g6 3. d4 Bg7 4. Nc3 Nc6 5. Be3 Qb6 6. Nd5 Qxb2 7. Rb1 Qxa2 8.
Nc7+ Kd8 9. Nxa8 cxd4 10. Bd2 f5 11. exf5 gxf5 12. Rb3 b6 13. Ng5 Nh6 14. Be2
Bb7 15. Nxb6 axb6 16. Rxb6 Kc7 17. Rb3 Ne5 18. O-O Bd5 19. Rb5 Ra8 20. Bf4 d6
21. Nf3 Nc6 22. Bxh6 Bxh6 23. Nxd4 Rg8 24. Bf3 Bxf3 25. Nxf3 Qc4 26. Rb3 e5 27.
Qb1 Kd7 28. Rb7+ Ke6 29. Rd1 e4 30. Nd2 Qe2 31. Nf1 Bf4 32. Qb3+ Kf6 33. Qf7+
Kg5 34. Qxg8+ Kh5 35. Rxh7+ Bh6 36. Ng3+ 1-0

[Event "41st Olympiad Women 2014"]
[Site "Tromso NOR"]
[Date "2014.08.14"]
[Round "11.24"]
[Board "1"]
[White "Rodriguez Rueda, Paula Andrea"]
[Black "Samaganova, Alexandra"]
[Result "1-0"]
[WhiteTitle "WIM"]
[WhiteElo "2368"]
[BlackElo "2012"]
[WhiteTeam "Colombia"]
[BlackTeam "Kyrgyzstan"]
[WhiteFideId "4404564"]
[BlackFideId "13800221"]
[EventDate "2014.08.02"]

1. d4 Nf6 2. c4 e6 3. Nc3 Bb4 4. e3 O-O 5. Bd3 d5 6. Nf3 c5 7. O-O Nc6 8. Ne2
cxd4 9. exd4 dxc4 10. Bxc4 Nd5 11. Bd3 h6 12. a3 Bd6 13. Bc2 Qc7 14. Qd3 f5 15.
Bb3 Qf7 16. Re1 Bd7 17. Bd2 a6 18. Nc3 Nce7 19. Qb1 Bc6 20. Ne5 Bxe5 21. Rxe5
Ng6 22. Re1 Rad8 23. Qa2 Nh4 24. Nxd5 Bxd5 25. Bxd5 Rxd5 26. Qb3 Rxd4 27. Bb4
Re8 28. g3 Ng6 29. Rac1 f4 30. Ba5 Rd7 31. Rc3 Qf5 32. Qa4 b5 33. Qe4 Qh5 34.
Qc6 Qd5 35. Qxd5 Rxd5 36. Kg2 Rd2 37. Rc7 Rd5 38. Bc3 e5 39. Rc6 Kf7 40. Rxa6
Re7 41. Re4 Re6 42. Ra5 fxg3 43. hxg3 Ne7 44. Rb4 e4 45. Rbxb5 Rd3 46. Re5 Rxe5
47. Rxe5 Nd5 48. Rxe4 Nxc3 49. bxc3 Rxc3 50. Ra4 Kf6 51. Kh3 Rc2 52. Kg4 Kg6 53.
Ra6+ Kf7 54. f4 Rc3 55. a4 Ra3 56. a5 Ra4 57. Kf5 Ra3 58. Ra7+ Kf8 59. g4 Ra4
60. a6 g6+ 61. Ke5 h5 62. gxh5 gxh5 63. f5 h4 64. Ke6 h3 65. Ra8+ Kg7 66. f6+
Kg6 67. f7 h2 68. f8=Q Re4+ 69. Kd5 h1=Q 70. Qg8+ Kf6 71. Rf8+ Ke7 72. Qf7# 1-0

[Event "41st Olympiad Women 2014"]
[Site "Tromso NOR"]
[Date "2014.08.14"]
[Round "11.24"]
[Board "2"]
[White "Ostry, Irina"]
[Black "Rivera, Ingris"]
[Result "1-0"]
[WhiteTitle "WIM"]
[BlackTitle "WIM"]
[WhiteElo "2177"]
[BlackElo "2210"]
[WhiteTeam "Kyrgyzstan"]
[BlackTeam "Colombia"]
[WhiteFideId "13800060"]
[BlackFideId "4402472"]
[EventDate "2014.08.02"]

1. c4 e5 2. Nc3 Nf6 3. g3 Be7 4. Bg2 O-O 5. Nf3 Nc6 6. O-O h6 7. a3 a5 8. d4
exd4 9. Nxd4 Bc5 10. e3 Ne5 11. b3 d6 12. h3 c6 13. Bb2 Qc7 14. f4 Ng6 15. Kh2
Bd7 16. Qd3 Rad8 17. Rad1 Bc8 18. e4 Rfe8 19. Rfe1 h5 20. Nf5 h4 21. Nxh4 Nxh4
22. gxh4 Bf2 23. Re2 Bxh4 24. Qf3 g6 25. Rg1 Nh5 26. Bf1 Kh7 27. Reg2 Bf6 28.
Bd3 Bd4 29. Rf1 Qe7 30. Bb1 Qh4 31. Rd2 Bg7 32. Ne2 Bh6 33. Bd4 d5 34. cxd5 cxd5
35. e5 Kg8 36. Bd3 Bd7 37. Bb6 Ra8 38. a4 Bc6 39. Bd4 Bd7 40. Be3 Red8 41. Nd4
Nxf4 42. Bxf4 Bxh3 43. Bg3 Qe7 44. Rdf2 Bxf1 45. Bxf1 Bg7 46. Re2 Rac8 47. Bh3
Rc1 48. Qf4 Qc5 49. Rf2 Rf8 50. Ne2 Rc2 51. e6 f5 52. Qg5 Rf6 53. Bg2 Rxe6 54.
Nf4 Re1 55. Bxd5+ Kf8 56. Nxg6+ Ke8 57. Rxc2 Qxc2+ 58. Bg2 Re6 59. Nh4 Be5 60.
Qh5+ Kd7 61. Qf7+ Re7 62. Qd5+ Kc8 63. Bxe5 Qf2 64. Bg3 1-0

[Event "41st Olympiad Women 2014"]
[Site "Tromso NOR"]
[Date "2014.08.14"]
[Round "11.24"]
[Board "3"]
[White "Franco Valencia, Angela"]
[Black "Alymbay, Kyzy Aizhan"]
[Result "1-0"]
[WhiteTitle "WIM"]
[WhiteElo "2186"]
[BlackElo "1859"]
[WhiteTeam "Colombia"]
[BlackTeam "Kyrgyzstan"]
[WhiteFideId "4403070"]
[BlackFideId "13800043"]
[EventDate "2014.08.02"]

1. e4 c6 2. Nf3 d5 3. exd5 cxd5 4. Ne5 Nf6 5. d4 e6 6. Bb5+ Nbd7 7. O-O Be7 8.
Re1 O-O 9. Bf4 Ne4 10. Bd3 Nxe5 11. Bxe5 f6 12. Bf4 f5 13. f3 Nd6 14. c3 Kh8 15.
Nd2 Bd7 16. Nb3 b6 17. Nc1 Nf7 18. Bc2 Bf6 19. Nd3 Qc8 20. a4 a5 21. Kh1 Qc6 22.
Qd2 Rae8 23. Rac1 g5 24. Bg3 f4 25. Nb4 Nh6 26. Nxc6 Bxc6 27. Bf2 Rg8 28. b4 Re7
29. bxa5 bxa5 30. Rb1 Be8 31. Rb6 g4 32. Qxf4 Bg5 33. Qe5+ Reg7 34. f4 g3 35.
Bxg3 Ng4 36. Qxg5 Rxg5 37. fxg5 Rf8 38. Rbxe6 Bd7 39. Re7 Bc6 40. h3 1-0

[Event "41st Olympiad Women 2014"]
[Site "Tromso NOR"]
[Date "2014.08.14"]
[Round "11.24"]
[Board "4"]
[White "Omurbekova, Diana"]
[Black "Castrillon Gomez, Melissa"]
[Result "0-1"]
[BlackTitle "WIM"]
[WhiteElo "1707"]
[BlackElo "2168"]
[WhiteTeam "Kyrgyzstan"]
[BlackTeam "Colombia"]
[WhiteFideId "13800752"]
[BlackFideId "4402413"]
[EventDate "2014.08.02"]

1. e4 g6 2. d4 Bg7 3. Nc3 d6 4. Be3 Nd7 5. Qd2 Ngf6 6. Be2 c6 7. a4 Qa5 8. Ra3
O-O 9. f3 e5 10. g4 Re8 11. g5 Nh5 12. d5 Nf4 13. Bxf4 exf4 14. Nh3 Qb6 15. Rb3
Qd8 16. Ra3 Ne5 17. Nf2 Qxg5 18. Kf1 Qh4 19. Ra1 Bh3+ 20. Nxh3 Qxh3+ 21. Kf2 Bf6
22. Qxf4 Bh4+ 23. Kg1 h6 24. Nd1 cxd5 25. Nf2 Bxf2+ 26. Kxf2 dxe4 27. fxe4 Qc8
28. c3 Kg7 29. Rad1 Re6 30. Ke1 Rf6 31. Qg3 Nc4 32. b3 Ne5 33. Kd2 Qc6 34. Qe3
a6 35. Kc2 b5 36. axb5 axb5 37. Ra1 h5 38. h3 b4 39. c4 Nd7 40. Kb2 Re8 41. Bf3
Ne5 42. Be2 Nd7 43. Bf3 d5 44. Rhd1 dxe4 45. Bg2 Ne5 46. Bf1 Rf3 47. Qd4 Qf6 48.
Kc2 Rf2+ 49. Rd2 Rxf1 50. Rxf1 Qxf1 51. Qxe4 Qxh3 52. Qd4 Qf5+ 53. Kb2 Qf6 54.
Kc2 h4 55. Rf2 Qg5 56. c5 Rd8 57. Qxb4 Qe3 58. Rh2 Nf3 59. Rh1 Rd2+ 60. Kb1 Ng1
61. Qc4 Qe1+ 62. Qc1 Qe4+ 63. Ka1 Qa8+ 64. Kb1 Qa2# 0-1

[Event "41st Olympiad Women 2014"]
[Site "Tromso NOR"]
[Date "2014.08.14"]
[Round "11.25"]
[Board "1"]
[White "Machlik, Monika"]
[Black "Mona, Khaled"]
[Result "0-1"]
[BlackTitle "WGM"]
[WhiteElo "2081"]
[BlackElo "2169"]
[WhiteTeam "Norway 2"]
[BlackTeam "Egypt"]
[WhiteFideId "1513621"]
[BlackFideId "10605908"]
[EventDate "2014.08.02"]

1. d4 g6 2. c4 Bg7 3. Nc3 d6 4. e4 e5 5. Be3 Nc6 6. Nge2 Nf6 7. f3 Nd7 8. Qd2
Nb6 9. b3 h6 10. Rd1 f5 11. d5 Ne7 12. Nc1 Nd7 13. Nd3 f4 14. Bf2 b6 15. Be2 a5
16. a3 O-O 17. g4 Nf6 18. Ra1 Ba6 19. Nb2 Qd7 20. h3 g5 21. h4 Ng6 22. h5 Ne7
23. Rg1 Qe8 24. Bd3 Kh8 25. Ke2 Neg8 26. b4 Bc8 27. c5 axb4 28. axb4 Rxa1 29.
Rxa1 bxc5 30. bxc5 Nxg4 31. cxd6 cxd6 32. Nc4 Qxh5 33. fxg4 Bxg4+ 34. Ke1 Qh1+
35. Bf1 Bh3 36. Qd3 g4 37. Nd2 g3 38. Kd1 Bxf1 39. Nxf1 gxf2 40. Ke2 Qg2 41. Qf3
Qxf3+ 42. Kxf3 Nf6 43. Kxf2 Rc8 44. Nb5 Nxe4+ 45. Kf3 Ng5+ 46. Kg4 Bf8 47. Ra6
Nf7 48. Kf5 Rc5 49. Kf6 Kg8 50. Rb6 e4 51. Rb8 e3 52. Nd4 Ng5 53. Nh2 Rxd5 54.
Nf5 e2 55. Ng4 Rxf5+ 56. Kxf5 e1=Q 57. Kg6 Qe4+ 58. Kh5 Kg7 0-1

[Event "41st Olympiad Women 2014"]
[Site "Tromso NOR"]
[Date "2014.08.14"]
[Round "11.25"]
[Board "2"]
[White "Wafa, Shrook"]
[Black "Reppen, Ellisiv"]
[Result "1-0"]
[WhiteTitle "WGM"]
[WhiteElo "2065"]
[BlackElo "2016"]
[WhiteTeam "Egypt"]
[BlackTeam "Norway 2"]
[WhiteFideId "10609970"]
[BlackFideId "1504959"]
[EventDate "2014.08.02"]

1. e4 e5 2. Nf3 Nc6 3. Bb5 a6 4. Ba4 Nf6 5. Qe2 d6 6. c3 b5 7. Bb3 Be7 8. a4 Rb8
9. axb5 axb5 10. O-O O-O 11. d4 exd4 12. cxd4 Bg4 13. Rd1 d5 14. e5 Ne4 15. Nc3
Nxc3 16. bxc3 Qd7 17. h3 Bh5 18. Bc2 b4 19. Ba4 bxc3 20. Ba3 Bxa3 21. Rxa3 Rb2
22. Qd3 c2 23. Rc1 Bg6 24. Qd2 Rfb8 25. Bxc2 Bxc2 26. Rxc2 Rb1+ 27. Kh2 R1b7 28.
Rc5 Ne7 29. Qg5 h6 30. Qh5 c6 31. Nh4 Rb2 32. Rg3 Kf8 33. f4 Rf2 34. Rf3 Rbb2
35. Ra5 Rxf3 36. Qxf3 Qc7 37. Qa3 Rb8 38. Nf5 Re8 39. Ra7 Qd8 40. Nd6 g6 41.
Nxe8 Kxe8 42. Ra8 Nc8 43. Qa6 Kd7 44. Rb8 g5 45. Rb7+ Ke6 46. Qxc6+ Kf5 47. Qc2+ 1-0

[Event "41st Olympiad Women 2014"]
[Site "Tromso NOR"]
[Date "2014.08.14"]
[Round "11.25"]
[Board "3"]
[White "Jorgensen, Line Jin"]
[Black "Moaataz, Ayah"]
[Result "1/2-1/2"]
[BlackTitle "WIM"]
[WhiteElo "1939"]
[BlackElo "1954"]
[WhiteTeam "Norway 2"]
[BlackTeam "Egypt"]
[WhiteFideId "1505467"]
[BlackFideId "10615873"]
[EventDate "2014.08.02"]

1. e4 c6 2. d4 d5 3. Nc3 dxe4 4. Nxe4 Nd7 5. Qe2 Qc7 6. Nf3 Ngf6 7. Nxf6+ Nxf6
8. Qe5 Qxe5+ 9. Nxe5 Bf5 10. Bd3 Bxd3 11. Nxd3 e6 12. f3 Bd6 13. Bd2 O-O 14.
O-O-O Nd7 15. Rde1 c5 16. dxc5 Nxc5 17. Nxc5 Bxc5 18. Re4 Rac8 19. Rd1 Rfd8 20.
Bc3 Kf8 21. a4 b6 22. a5 Rxd1+ 23. Kxd1 Rd8+ 24. Ke2 Rd5 25. axb6 axb6 26. Ra4
f6 27. Ra7 b5 28. Rb7 Be7 29. Bd2 Re5+ 30. Kf1 Rd5 31. Ke2 Re5+ 32. Kd1 Rd5 33.
Ra7 Bc5 34. Ra8+ Kf7 35. Ke1 g5 36. Rb8 Bd6 37. Rb7+ Kg6 38. h3 Bg3+ 39. Ke2
Re5+ 40. Kf1 Rd5 41. Ke2 Re5+ 42. Kd1 h5 43. Rd7 Kf5 44. b3 Rd5 45. Rxd5+ exd5
46. Ke2 g4 47. hxg4+ hxg4 48. Be3 gxf3+ 49. Kxf3 Be5 50. Bc5 Bc3 51. g4+ Ke5 52.
Be7 b4 53. Bd8 Bd2 54. Ke2 Bc3 55. Ke3 Bd4+ 56. Kd3 Bc3 57. Bc7+ Ke6 58. Bd8 Ke5
59. g5 fxg5 60. Bxg5 Kf5 61. Bh6 Ke6 62. Bf8 Kf5 63. Bc5 Ke5 64. Ba7 Bb2 65. Be3
Bc3 66. Bc5 Ke6 67. Ke2 d4 68. Bf8 Kd5 69. Kd3 Be1 70. Bg7 Bc3 71. Bh6 Bb2 72.
Bg7 Bc3 73. Bf6 Bb2 74. Bh4 Ba1 75. Be1 Kc5 76. Ke4 Bb2 77. Bf2 Bc3 78. Bg3 Bb2
79. Bf4 Bc3 80. Bh6 Kc6 81. Bf8 Kb5 82. Kd5 Bb2 83. Bc5 Bc1 84. Bxd4 Bg5 85. Be5
Bd2 86. Ke4 Bg5 87. Bd6 1/2-1/2